| 000 | 00894nam a2200217 a 4500 | ||
|---|---|---|---|
| 008 | 120416s2001 ||||||||||||||||| || u | ||
| 020 | _a0393050378 | ||
| 050 | _aKG 2834 Wid | ||
| 100 | _aWidner, Jennifer A | ||
| 245 | 1 | 0 | _aBuilding the rule of law |
| 260 |
_aLondon: _bW. W. Norton and Company _c2001 |
||
| 300 | _a454 p. : ill. | ||
| 350 | _a0.00 | ||
| 500 | _aIncludes bibliographical references (p. [405]-437) and index. | ||
| 650 | _aJUSTICE ADMINISTRATION OF--TANZANIA | ||
| 650 | _aJUDGES--TANZANIA--BIOGRAPHY | ||
| 650 | _aLAW--TANZANIA | ||
| 650 | _aLAW | ||
| 995 |
_aMAIN LIBRARY OPEN ACCESS _D0.00 _e734202 _FCBU-MAIN LIBRARY (Kitwe) _H2 _I29.00 _jKG 2834 WID _M2 _UAVAILABLE _y46563 _ZMain Library Open Access Collection |
||
| 995 |
_aMAIN LIBRARY OPEN ACCESS _D0.00 _e734203 _FCBU-MAIN LIBRARY (Kitwe) _H1 _I29.00 _jKG 2834 WID _M1 _UAVAILABLE _y46561 _ZMain Library Open Access Collection |
||
| 999 |
_c78953 _d78953 |
||